Автоматизация процессов обработки результатов обследования пассажиропотока города Томска; Молодежь и современные информационные технологии; Т. 1

Bibliographische Detailangaben
Parent link:Молодежь и современные информационные технологии: сборник трудов XIII Международной научно-практической конференции студентов, аспирантов и молодых ученых, г. Томск, 9-13 ноября 2015 г./ Национальный исследовательский Томский политехнический университет (ТПУ), Институт кибернетики (ИК) ; под ред. Т. Е. Мамоновой [и др.].— , 2016
Т. 1.— 2016.— [С. 77-78]
1. Verfasser: Кузьменко Е. А. Елена Анатольевна
Körperschaften: Национальный исследовательский Томский политехнический университет (ТПУ) Институт природных ресурсов (ИПР) Кафедра химической технологии топлива и химической кибернетики (ХТТ), Национальный исследовательский Томский политехнический университет (ТПУ) Институт кибернетики (ИК) Кафедра автоматики и компьютерных систем (АИКС)
Weitere Verfasser: Кочегурова Е. А. Елена Алексеевна
Zusammenfassung:Заглавие с титульного экрана
Sprache:Russisch
Veröffentlicht: 2016
Schriftenreihe:Математическое моделирование и компьютерный анализ данных
Schlagworte:
Online-Zugang:http://earchive.tpu.ru/handle/11683/17080
Format: MixedMaterials Elektronisch Buchkapitel
KOHA link:https://koha.lib.tpu.ru/cgi-bin/koha/opac-detail.pl?biblionumber=617538

MARC

LEADER 00000naa2a2200000 4500
001 617538
005 20240220110623.0
035 |a (RuTPU)RU\TPU\conf\15851 
035 |a RU\TPU\conf\15850 
090 |a 617538 
100 |a 20160315d2016 k y0rusy50 ca 
101 0 |a rus 
102 |a RU 
105 |a y z 101zy 
135 |a drcn ---uucaa 
181 0 |a i  
182 0 |a b 
200 1 |a Автоматизация процессов обработки результатов обследования пассажиропотока города Томска  |f Е. А. Кузьменко, Е. А. Кочегурова 
203 |a Текст  |c электронный 
225 1 |a Математическое моделирование и компьютерный анализ данных 
300 |a Заглавие с титульного экрана 
320 |a [Библиогр.: с. 78 (4 назв.)] 
337 |a Adobe Reader 
461 1 |0 (RuTPU)RU\TPU\conf\15701  |t Молодежь и современные информационные технологии  |o сборник трудов XIII Международной научно-практической конференции студентов, аспирантов и молодых ученых, г. Томск, 9-13 ноября 2015 г.  |o в 2 т.  |f Национальный исследовательский Томский политехнический университет (ТПУ), Институт кибернетики (ИК) ; под ред. Т. Е. Мамоновой [и др.]  |d 2016 
463 0 |0 (RuTPU)RU\TPU\conf\15703  |t Т. 1  |v [С. 77-78]  |d 2016 
610 1 |a труды учёных ТПУ 
610 1 |a электронный ресурс 
610 1 |a автоматизация 
610 1 |a результаты 
610 1 |a обследование 
610 1 |a пассажирские перевозки 
610 1 |a Томск 
610 1 |a обработка 
700 1 |a Кузьменко  |b Е. А.  |c химик-технолог  |c доцент Томского политехнического университета, кандидат технических наук  |f 1958-  |g Елена Анатольевна  |3 (RuTPU)RU\TPU\pers\25858  |9 11727 
701 1 |a Кочегурова  |b Е. А.  |c специалист в области информатики и вычислительной техники  |c доцент Томского политехнического университета, кандидат технических наук  |f 1958-  |g Елена Алексеевна  |3 (RuTPU)RU\TPU\pers\27090  |9 12640 
712 0 2 |a Национальный исследовательский Томский политехнический университет (ТПУ)  |b Институт природных ресурсов (ИПР)  |b Кафедра химической технологии топлива и химической кибернетики (ХТТ)  |3 (RuTPU)RU\TPU\col\18665 
712 0 2 |a Национальный исследовательский Томский политехнический университет (ТПУ)  |b Институт кибернетики (ИК)  |b Кафедра автоматики и компьютерных систем (АИКС)  |3 (RuTPU)RU\TPU\col\18698 
801 2 |a RU  |b 63413507  |c 20180704  |g RCR 
856 4 |u http://earchive.tpu.ru/handle/11683/17080 
942 |c BK